000 00426 a2200169 4500
005 20260312100422.0
008 260312b |||||||| |||| 00| 0 eng d
020 _a9788193878378
040 _cSDCL
041 _2eng
_aeng
084 _aRxM721:g R5
100 _aSingh, Sudhir
245 _aRelevance of Aurobindo Today
260 _aDelhi :
_bShaikshik Foundation,
_c2023.
300 _aix, 276p.
942 _cTEXL
_2CC
999 _c1678949
_d1678949